Změny rozmístění ryb v úseku Slapské nádrže (echolokace)

Podrobná bibliografia
Hlavný autor: Hruška, Václav (Autor)
Médium: Článok
Jazyk:čeština
Fyzický popis:Lit. 5 zázn. v češ., angl.
Predmet:

MARC

LEADER 00000nab a2200000 a 4500
001 vtls000234308
003 SK-MaSNL
005 20260304215857.0
008 160204c1985 xo 0 cze
015 |a SNBRA19rr/mm-uuuuu 
035 |a CL0244422 
040 |a SNKBUCL  |b slo  |c SNKBUCL  |e AACR2 
041 0 |a cze 
044 |a xo  |c SK 
080 |a 639.2:627.81  |2 1981 
080 |a 627.81  |2 1981 
100 1 |a Hruška, Václav  |4 aut  |9 311945 
245 1 0 |a Změny rozmístění ryb v úseku Slapské nádrže (echolokace)  |c Václav Hruška 
300 |b Lit. 5 zázn. v češ., angl. 
650 0 7 |a ryby  |2 snkbucl  |9 2750 
650 0 7 |a vodné nádrže  |2 snkbucl  |9 4190 
650 0 7 |a slapové javy  |2 snkbucl  |9 92922 
651 7 |a 0100  |2 snkbucl  |9 938962 
655 7 |a články zo zborníkov  |2 snkbucl  |9 166140 
773 0 |t Siedma konferencia Československej limnologickej spoločnosti  |d Žilina : Dom techniky ČSVTS, 1985 
850 |a Slovenská národná knižnica v Martine  |a MTA001 
852 |a SNK  |b KIS3GCP 
958 |a NB 
958 |a RK 
958 |a CZ 
992 |a RZB 
999 |c 3148704  |d 3150634